<?xml version="1.0" encoding="UTF-8"?>
<record
    xmlns:xsi="http://www.w3.org/2001/XMLSchema-instance"
    xsi:schemaLocation="http://www.loc.gov/MARC21/slim http://www.loc.gov/standards/marcxml/schema/MARC21slim.xsd"
    xmlns="http://www.loc.gov/MARC21/slim">

  <leader>00725nam a22001937a 4500</leader>
  <controlfield tag="005">20221107115734.0</controlfield>
  <controlfield tag="008">221107b           ||||| |||| 00| 0 eng d</controlfield>
  <datafield tag="040" ind1=" " ind2=" ">
    <subfield code="c">AL</subfield>
  </datafield>
  <datafield tag="041" ind1=" " ind2=" ">
    <subfield code="a">Hindi /Marti </subfield>
  </datafield>
  <datafield tag="082" ind1=" " ind2=" ">
    <subfield code="2">23</subfield>
    <subfield code="a">294.5 H</subfield>
    <subfield code="b">JOSV</subfield>
  </datafield>
  <datafield tag="100" ind1=" " ind2=" ">
    <subfield code="a"> Laxmanshastri Joshi  &#x932;&#x915;&#x94D;&#x937;&#x94D;&#x92E;&#x923;&#x936;&#x93E;&#x938;&#x94D;&#x924;&#x94D;&#x930;&#x940; &#x91C;&#x94B;&#x936;&#x940; </subfield>
    <subfield code="9">61227</subfield>
  </datafield>
  <datafield tag="245" ind1=" " ind2=" ">
    <subfield code="a">Vedic Sanskruticha Vikas  &#x935;&#x948;&#x926;&#x93F;&#x915; &#x938;&#x902;&#x938;&#x94D;&#x915;&#x943;&#x924;&#x940;&#x91A;&#x93E; &#x935;&#x93F;&#x915;&#x93E;&#x938;</subfield>
  </datafield>
  <datafield tag="260" ind1=" " ind2=" ">
    <subfield code="a">Wai </subfield>
    <subfield code="b">Pradnyapathshala Mandal  &#x92A;&#x94D;&#x930;&#x91C;&#x94D;&#x91E;&#x93E; &#x92A;&#x93E;&#x920;&#x936;&#x93E;&#x933;&#x93E; &#x92E;&#x902;&#x921;&#x933;</subfield>
    <subfield code="c">1972</subfield>
  </datafield>
  <datafield tag="300" ind1=" " ind2=" ">
    <subfield code="a">572 p.</subfield>
    <subfield code="b">HB</subfield>
    <subfield code="c">22x14 cm.</subfield>
  </datafield>
  <datafield tag="650" ind1=" " ind2=" ">
    <subfield code="a">Vedic Religions</subfield>
    <subfield code="9">61228</subfield>
  </datafield>
  <datafield tag="650" ind1=" " ind2=" ">
    <subfield code="a"> Vedic ritual</subfield>
    <subfield code="9">61229</subfield>
  </datafield>
  <datafield tag="700" ind1=" " ind2=" ">
    <subfield code="a">Joshi (Laxmanshastri)</subfield>
    <subfield code="9">61230</subfield>
  </datafield>
  <datafield tag="942" ind1=" " ind2=" ">
    <subfield code="2">ddc</subfield>
    <subfield code="c">GF</subfield>
  </datafield>
  <datafield tag="999" ind1=" " ind2=" ">
    <subfield code="c">225039</subfield>
    <subfield code="d">225039</subfield>
  </datafield>
  <datafield tag="952" ind1=" " ind2=" ">
    <subfield code="0">0</subfield>
    <subfield code="1">0</subfield>
    <subfield code="2">ddc</subfield>
    <subfield code="4">0</subfield>
    <subfield code="7">0</subfield>
    <subfield code="8">OTH</subfield>
    <subfield code="a">AL</subfield>
    <subfield code="b">AL</subfield>
    <subfield code="d">2013-03-23</subfield>
    <subfield code="l">0</subfield>
    <subfield code="o">294.5 H JOSV</subfield>
    <subfield code="p">GF02578</subfield>
    <subfield code="r">2022-11-07 00:00:00</subfield>
    <subfield code="w">2022-11-07</subfield>
    <subfield code="y">GF</subfield>
  </datafield>
</record>
